000 01434nam0a22003011 4500
001 rc\4145849
005 20130415182538.1
021 _aRU
_b[51-31164]
035 _a(NLR Aleph) 008166574
090 _a7827862
_c7827862
100 _a20130415d1951 |||y0rusy50 ca
101 0 _arus
102 _aRU
105 _ay z |||||
200 1 _aПрофилактические мероприятия - основа защиты урожая хлопчатника и многолетних трав от вредителей, болезней и сорняков
_fМ-во хлопководства УзССР. Гл. упр. с.-х. пропаганды Акад. наук УзССР. Ин-т зоологии и паразитологии
210 _aТашкент
_cГосиздат УзССР
_d1951
215 _a32 с.
_d20
300 _aПеред загл. авт.: Ю. Спиридонов, И. Костенко, С. Журавская
606 _aХлопчатник
_xБолезни и вредители
_yУзбекская ССР
_2psbo
606 _aКормовые травы, многолетние
_yУзбекская ССР
_2psbo
700 1 _aСпиридонов
_bЮ. В.
_gЮрий Вячеславович
701 1 _aЖуравская
_bС.
701 1 _aКостенко
_bИ.
801 0 _aRU
_bNLR
_gpsbo
801 1 _aRU
_bELAR
_2rusmarc
852 _aNLR
_jС70 Г-4/483
942 _cBOOK
980 _aNB